| 000 | 00000nam##2200000za#4500 |
| 001 | 9.641878 |
| 003 | CaOODSP |
| 005 | 20210624223429 |
| 007 | cr ||||||||||| |
| 008 | 150407|2011||||xxc|||||o f|0| 0 fre|d |
| 020 | |a978-1-896997-81-0 |
| 040 | |aCaOODSP|bfre |
| 043 | |an-cn--- |
| 086 | 1 |aEn108-4/61-2011F-PDF |
| 110 | 1 |aCanada.|bConseil canadien des ministres de l'environnement. |
| 245 | 10|aSélection d'outils pour l'évaluation des réseaux de surveillance de l'eau aux fins de l'adaptation aux changements climatiques |h[ressource électronique] |
| 260 | |aWinnipeg - Manitoba : |bConseil canadien des ministres de l'environnement |cc2011. |
| 300 | |a177p.|bfigures en couleur, glossaire, références, tableaux |
| 590 | |a13-13-Supp|b2013-05-21 |
| 775 | 08|tSelected tools to evaluate water monitoring networks for climate change adaptation |w(CaOODSP)9.697888 |
| 856 | 40|ahttp://publications.gc.ca|qPDF|s1444 Ko|uhttps://publications.gc.ca/collections/collection_2013/ccme/En108-4-61-2011-fra.pdf |
| 986 | |aPN 1465 |